[Event "ENG-ch Chessable"]
[Site "Kenilworth"]
[Date "2022.05.19"]
[Round "2"]
[White "Derakhshani, Borna"]
[Black "Parker, Keith"]
[Result "1-0"]
[WhiteElo "2388"]
[BlackElo "1815"]
[PlyCount "49"]
[EventDate "2022.05.19"]
[EventType "swiss"]
[EventRounds "7"]
[EventCountry "ENG"]
[SourceTitle "CBM 208 Extra"]
[Source "ChessBase"]
[SourceDate "2022.07.31"]
[SourceVersion "1"]
[SourceVersionDate "2022.07.31"]
[SourceQuality "1"]

1. Nf3 d5 2. b3 Nf6 3. Bb2 e6 4. c4 Nbd7 5. g3 Be7 6. Bg2 c6 7. 0-0 0-0 8. d3 a5 9. Nc3 Nc5 10. Qc2 a4 11. d4 a3 12. Bc1 Nce4 13. c5 Qa5 14. Na4 b5 15. cxb6 Ba6 16. Ne5 Bb5 17. b7 Ra6 18. Bf4 Bd6 19. f3 Bxa4 20. bxa4 Nc3 21. Rac1 Nxa4 22. Nxc6 Qc7 23. Bxd6 Qxd6 24. b8Q Rxb8 25. Nxb8 1-0

[Event "Hersonissos op 2nd"]
[Site "Hersonissos"]
[Date "2018.06.18"]
[Round "2"]
[White "Parker, Keith"]
[Black "Risting, Eivind Olav"]
[Result "0-1"]
[WhiteElo "1846"]
[BlackElo "2301"]
[PlyCount "72"]
[EventDate "2018.06.17"]
[EventType "swiss"]
[EventRounds "9"]
[EventCountry "GRE"]
[SourceTitle "CBM 185 Extra"]
[Source "ChessBase"]
[SourceDate "2018.07.29"]
[SourceVersion "1"]
[SourceVersionDate "2018.07.29"]
[SourceQuality "1"]

1. d4 Nf6 2. Bf4 d6 3. e3 g6 4. c3 Bg7 5. Nf3 0-0 6. Nbd2 Nbd7 7. Be2 Qe8 8. 0-0 e5 9. Bg3 Nh5 10. Bh4 f5 11. dxe5 dxe5 12. Ng5 Ndf6 13. f4 h6 14. Nh3 Ng4 15. Bc4+ Kh7 16. Qe2 Bd7 17. e4 fxe4 18. Qxe4 exf4 19. Qxb7 Ne3 20. Rf2 Nxc4 21. Nxc4 Bxh3 22. gxh3 g5 23. Qf3 gxh4 24. Re2 Qb5 25. Na3 Qf5 26. Rae1 Rad8 27. Nc2 Rd3 28. Qf2 Rxh3 29. Nd4 Qg4+ 30. Qg2 Bxd4+ 31. cxd4 Qxg2+ 32. Rxg2 Re3 33. Rc1 f3 34. Rxc7+ Kh8 35. Rf2 Re1+ 36. Rf1 f2+ 0-1

[Event "Gibraltar Amateur op-B"]
[Site "Caleta"]
[Date "2018.01.28"]
[Round "2"]
[White "Parker, Keith"]
[Black "Ajayi, Ayokanmi"]
[Result "1-0"]
[WhiteElo "1849"]
[BlackElo "1537"]
[PlyCount "69"]
[EventDate "2018.01.27"]
[EventType "swiss"]
[EventRounds "5"]
[EventCountry "GGB"]
[SourceTitle "EXT 2019"]
[Source "ChessBase"]
[SourceDate "2018.10.10"]
[SourceVersion "1"]
[SourceVersionDate "2018.10.10"]
[SourceQuality "1"]

1. d4 Nf6 2. Bf4 d6 3. e3 g6 4. Nf3 Bg7 5. Nbd2 0-0 6. Be2 Nbd7 7. c3 Qe8 8. h3 e5 9. Bh2 e4 10. Ng1 Qe7 11. c4 Ne8 12. Qc2 f5 13. g4 Ndf6 14. gxf5 gxf5 15. Bf4 Kh8 16. 0-0-0 c6 17. Re1 Rg8 18. Bd1 Bf8 19. Nf1 Be6 20. Ng3 Qf7 21. b3 b5 22. Be2 a5 23. Kd2 Nc7 24. f3 d5 25. c5 Na6 26. a3 Qb7 27. h4 h6 28. Nh3 Nh7 29. Nh5 Bg7 30. Nxg7 Qxg7 31. Reg1 Qf8 32. Be5+ Nf6 33. Nf4 Rxg1 34. Rxg1 Kh7 35. Nxe6 1-0

[Event "London Classic op U2050-A 8th"]
[Site "London"]
[Date "2016.12.11"]
[Round "4"]
[White "Parker, Keith"]
[Black "Yu, X Henry"]
[Result "0-1"]
[WhiteElo "1865"]
[BlackElo "1742"]
[PlyCount "54"]
[EventDate "2016.12.09"]
[EventType "swiss"]
[EventRounds "5"]
[EventCountry "ENG"]
[SourceTitle "EXT 2019"]
[Source "ChessBase"]
[SourceDate "2018.10.10"]
[SourceVersion "1"]
[SourceVersionDate "2018.10.10"]
[SourceQuality "1"]

1. d4 Nf6 2. Bf4 b6 3. Nf3 Bb7 4. h3 e6 5. e3 Be7 6. Bd3 0-0 7. c3 d6 8. Nbd2 Nbd7 9. Qc2 c5 10. 0-0-0 Rc8 11. Rhg1 cxd4 12. exd4 Qc7 13. g4 e5 14. Be3 exd4 15. Bxd4 Ne5 16. Bxe5 dxe5 17. Bf5 Rcd8 18. g5 Nh5 19. Bxh7+ Kh8 20. Bf5 Nf4 21. g6 Ne2+ 22. Kb1 Nxg1 23. Rxg1 fxg6 24. Bxg6 Bxf3 25. Nxf3 Rxf3 26. Qe2 Rxh3 27. Qg4 Rh6 0-1